Welcome to the Holygrace Academy Library

Please use search bar below to get started

SREE GURUVAYURAPPAN (Record no. 4709)

MARC details
000 -LEADER
fixed length control field 00306nam a22001217a 4500
082 ## - DEWEY DECIMAL CLASSIFICATION NUMBER
Classification number 200
Item number ELA/S
100 ## - MAIN ENTRY--AUTHOR NAME
Personal name ELAYATU, KUNJIKUTTAN
245 ## - TITLE STATEMENT
Title SREE GURUVAYURAPPAN
Remainder of title TEMPLE GRACE AND LEGENDS
260 ## - PUBLICATION, DISTRIBUTION, ETC. (IMPRINT)
Place of publication THRISSUR
Name of publisher H & C PUBLISHING HOUSE
Year of publication 2002
300 ## - PHYSICAL DESCRIPTION
Number of Pages 50
650 ## - SUBJECT ADDED ENTRY--TOPICAL TERM
Topical Term SPIRITUAL
Geographic subdivision KERALA
942 ## - ADDED ENTRY ELEMENTS (KOHA)
Koha item type Books
Holdings
Withdrawn status Lost status Collection code Home library Current library Shelving location Date acquired Source of acquisition Cost, normal purchase price Full call number Accession Number Koha item type
    Non-fiction Main Library Main Library SHELF 15B-U,V,W SECTION NOVELS& FICTION 10/03/2014 purchase 10.00 200 ELA/S 06588 Books